| 000 | 01767cam a22001934a 4500 | ||
|---|---|---|---|
| 005 | 20250605164212.0 | ||
| 008 | 250528s ||||||||||||||||||||||||d | ||
| 035 | _a20300 | ||
| 040 |
_aGR-AtMCL _bgre _dGR-AtMCL _eAACR2 |
||
| 245 | 1 | _aΗ Εμπορική Επιχείρησις / Και η Προστασία αυτής (Βιομηχανική Ιδιοκτησία) | |
| 250 | _a2η | ||
| 260 |
_bΑφοί Π. Σάκκουλα, _c1980 |
||
| 300 | _a172 | ||
| 520 | _aΗ Εμπορική ''Η Βιομηχανική Επιχείρησις'', Έννοια και Στοιχεία και Νομική Φύσις της Επιχειρήσεως, Η Επιχείρισις ως Αντικείμενον του Δικαίου, Η Επιχειρηματική Εγκατάστασις, Προστασία της Εμπορικής Επιχειρήσεως (Βιομηχανική Ιδιοκτησία), Γενικά Περί Βιομηχανικής Ιδιοκτησίας, Η Εμπορική Επωνυμία, Έννοια και Σημασία και Νομική Φύσις, Αρχαί Αξιούσαι Εφαρμογήν επί της Επωνυμίας, Συστήματα Σχηματισμού της Επωνυμίας, Αι Αρχαί της Αλήθειας και της Αποκλειστικότητος εν Ελλάδι, Η Αρχή της Δημοσιότητος Εν Ελλάδι, Κτήσις και Χρησιμοποίησις της Επωνυμίας, Προστασία της Επωνυμίας, Απώλεια του Επί της Επωνυμίας Δικαιώματος, Μεταβίβασις της Επωνυμίας. | ||
| 700 | 1 |
_aΔελουκάς Νικόλαος Α _96305 |
|
| 942 | _cBK | ||
| 999 |
_c5423 _d5423 |
||